Welcome to the Holygrace Academy Library

Please use search bar below to get started

PATHER PANJALI (Record no. 7211)

MARC details
000 -LEADER
fixed length control field 00497nam a22001457a 4500
020 ## - INTERNATIONAL STANDARD BOOK NUMBER
ISBN 81-8423-134-2
082 ## - DEWEY DECIMAL CLASSIFICATION NUMBER
Classification number 894.812.3
Item number BAN/P
100 ## - MAIN ENTRY--AUTHOR NAME
Personal name BANDYOPADHYAYA, BIBHOOTHIBHOOSHAN
245 ## - TITLE STATEMENT
Title PATHER PANJALI
260 ## - PUBLICATION, DISTRIBUTION, ETC. (IMPRINT)
Place of publication THRISSUR
Name of publisher GREEN BOOKS
Year of publication 2011
300 ## - PHYSICAL DESCRIPTION
Number of Pages 295
520 ## - SUMMARY, ETC.
Summary, etc It follows a family's quest to better their lives by moving from an impoverished Bengal region to the larger city of Kashi/Varanasi in more central-north India.
650 ## - SUBJECT ADDED ENTRY--TOPICAL TERM
Topical Term MALAYALAM NOVEL
Geographic subdivision KERALA
942 ## - ADDED ENTRY ELEMENTS (KOHA)
Koha item type Books
Holdings
Withdrawn status Lost status Collection code Home library Current library Shelving location Date acquired Source of acquisition Cost, normal purchase price Full call number Accession Number Koha item type
    Fiction Main Library Main Library SHELF-16- I- MALAYALAM NOVELS,FICTIONS 05/10/2012 purchase 180.00 894.812.3 BAN/P 05288 Books